000 00574nam a2200217 a 4500
005 20210219153300.0
008 991125n 000 0 spa u
035 _aUPN01000088425
100 _aPEIRO I GREGORI, Salvador, 1947-
222 _aREVISTA DE CIENCIAS DE LA EDUCACION
245 _aMoralidad centro docente y acción educativa
300 _a415-426
362 _a1996 no. 167, jul.-sept.
653 0 _aEDUCACION MORAL
653 0 _aESCUELA
653 0 _aETICA
653 0 _aRELIGION
653 0 _aVALORES
904 _aAC
_b026236
905 _aArticulo
999 _c73005
_d73005